Statistiken für Sino-Tibetische Sprachen

Klicken Sie hier um das Quiz zu spielen!

Allgemein

  • Dieses Quiz wurde 23 mal gespielt
  • Das Durchschnittsergebnis liegt bei 5 aus 15

Antwortstatistiken

k% Korrekt
Chinesisch/Mandarin
100%
Min
74%
Kantonesisch/Yue
68%
Tibetisch
63%
Birmanisch/Burmesisch
58%
Wu
42%
Dzongkha/Bhutanesisch
37%
Hakka
21%
Taiwanesisch
16%
Yi
11%
Gan
5%
Xiang
5%
Jinyu
0%
Karenisch
0%
Shanghaisch
0%

Verteilung der Resultate

Perzentil nach korrekt beantworteten Fragen

Anzahl Personen mit jedem Resultat

Ihre Resultats-Entwicklung

Sie haben dieses Quiz noch nicht gespielt